[Event "Sampa Chess Open 2024"]
[Site "Sao Paulo"]
[Date "2024.01.30"]
[Round "3.26"]
[White "Martins De Aguiar, Marina"]
[Black "Ribeiro, Matheus Mendes Domi"]
[Result "0-1"]
[WhiteElo "1862"]
[BlackElo "2130"]
[PlyCount "96"]
[EventDate "2024.01.29"]
[EventRounds "9"]
[EventCountry "BRA"]

1. e4 e6 2. d4 d5 3. Nd2 Nc6 4. c3 e5 5. Ngf3 exd4 6. cxd4 dxe4 7. Nxe4 Bb4+ 8.
Nc3 ({RR} 8. Bd2 Bxd2+ 9. Qxd2 Nge7 10. Bc4 Bf5 11. Neg5 O-O 12. Nh4 Qxd4 13.
Qxd4 Nxd4 14. Nxf5 Nexf5 15. O-O h6 16. Ne4 Rfe8 17. Nc5 b5 18. Bd3 Re5 19. Ne4
Rae8 20. f3 c5 21. Rad1 Ne3 {0-1 (21) Li,J-Xu,K (1620) Changsha CHN 2019}) 8...
Nf6 9. h3 ({RR} 9. Be2 h6 10. O-O O-O 11. Qd3 Re8 12. Bf4 Bg4 13. Rfd1 Bd6 14.
Bxd6 Qxd6 15. d5 Ne7 16. Nb5 Qb6 17. Nxc7 Qxc7 18. d6 Qb6 19. dxe7 Rxe7 20. b3
Rae8 21. Bf1 Ne4 22. Qd4 Qxd4 23. Rxd4 Bxf3 {Alford,P (2290)-Cordova,E (2543)
Toluca 2009 0-1 (52)}) 9... O-O 10. Bc4 $146 ({RR} 10. Be2 Bf5 11. O-O Qd7 12.
Be3 Rfe8 13. Bb5 Nd5 14. Ne5 Qd6 15. Nxd5 Qxd5 16. Bc4 Qe4 17. Bd3 Qh4 18. Bxf5
Nxe5 19. dxe5 Rxe5 20. Qg4 Qe7 21. Bd4 {1-0 (21) Hasanzade,T (2352)-Aydin,A 
(1747) Konya 2017}) 10... Ne4 11. Bd2 Nxd2 12. Qxd2 Re8+ 13. Be2 Qe7 14. Kf1
Bf5 15. Bb5 Red8 16. Bxc6 bxc6 17. Qf4 Bd3+ 18. Kg1 Bd6 19. Qe3 Qxe3 20. fxe3
c5 21. Rd1 cxd4 22. Nxd4 Bg6 23. Kf2 Re8 24. Ncb5 Be5 25. Nc6 Be4 26. Nxe5 Rxe5
27. Nd4 Rb8 28. Rd2 Rc5 29. b3 Rd5 30. Rhd1 Rbd8 31. b4 g6 32. g4 a5 33. b5 Rc5
34. Rb2 Rd6 35. Kg3 Rc3 36. Kf4 Bb7 37. Ra1 f6 38. Rd1 Rc4 39. Kg3 a4 40. Rd3
Be4 41. Rdd2 Kf7 42. Kf4 Bb7 43. Rd1 Rd5 44. Kg3 h5 45. Rf2 Rc3 46. Re2 hxg4
47. hxg4 Bc8 48. Kf4 Bb7 0-1

[Event "Sampa Chess Open 2024"]
[Site "Sao Paulo"]
[Date "2024.01.30"]
[Round "3.27"]
[White "Do Nascimento, Christian Almeida"]
[Black "Rigonati, Eduardo Enrico Sant"]
[Result "1-0"]
[WhiteElo "2123"]
[BlackElo "1827"]
[PlyCount "99"]
[EventDate "2024.01.29"]
[EventRounds "9"]
[EventCountry "BRA"]

1. d4 Nf6 2. Bg5 Nc6 ({RR} 2... Nd5 3. e4 h6 4. Bc1 Nb6 5. Nf3 e6 6. Bd3 Be7 7.
O-O d5 8. e5 c5 9. c3 Nc6 10. Re1 Bd7 11. dxc5 Bxc5 12. a4 a5 13. Nbd2 Be7 14.
Nb3 Rc8 15. Bc2 Qc7 16. Nbd4 Nxd4 17. Nxd4 {Lasker#77 (2486)-Farseer (2456)
playchess.com INT 2006 0-1 (66)}) ({RR} 2... b5 3. f3 d5 4. e3 a6 5. a4 b4 6.
c4 c5 7. dxc5 Qc7 8. cxd5 Qxc5 9. e4 Nbd7 10. Nd2 h6 11. Nb3 Qd6 12. Be3 g6 13.
Rc1 Bg7 14. Qd2 h5 15. Rc6 Qb8 16. Bf4 Ne5 17. Rxc8+ {Kowalec,M (2070)
-Kossobudzki,R (2052) Sypniewo POL 2021 1-0 (40)}) 3. Nf3 d6 4. Nc3 $146 ({RR} 
4. e3 e5 5. dxe5 Nxe5 6. Nxe5 dxe5 7. Qxd8+ Kxd8 8. Nc3 c6 9. Bc4 Ke7 10. O-O-O
Be6 11. Bb3 Bxb3 12. axb3 Ke6 13. Rd3 Be7 14. Rhd1 Rhd8 15. Bxf6 Rxd3 16. Rxd3
Bxf6 17. Ne4 Be7 18. g4 f6 {Janse,J-Havenaar,J (2235) Guernsey 2001 1/2-1/2}) (
{RR} 4. e3 Bf5 5. Nc3 Nb4 6. Bd3 Nxd3+ 7. cxd3 c5 8. Bxf6 gxf6 9. e4 Bg4 10. d5
Rb8 11. O-O h5 12. h3 Qd7 13. Kh2 e6 14. dxe6 Qxe6 15. Nd5 Kd8 16. d4 Qxe4 17.
Nxf6 Qf4+ 18. Kg1 Qxf6 {Torras Coloma,P (1713)-Las Heras Aixandri,S (1550)
Santa Eulalia de Roncana 2011 0-1}) 4... Bg4 5. e3 e5 6. Bb5 exd4 7. Qxd4 Bd7
8. Qh4 Be7 9. O-O-O h6 10. Rhe1 Nh7 11. Bxe7 Qxe7 12. Qa4 Nf6 13. e4 O-O 14.
Nd5 Qd8 15. Nxf6+ Qxf6 16. e5 Qg6 17. exd6 cxd6 18. Qf4 Ne5 19. Bxd7 Nxd7 20.
Rxd6 Nf6 21. Nh4 Qg5 22. Qxg5 hxg5 23. Nf5 Rfe8 24. Rdd1 Kf8 25. Nd6 Rxe1 26.
Rxe1 b6 27. Re5 Rd8 28. Ne4 Nxe4 29. Rxe4 Rd5 30. c4 Rd6 31. Kc2 f5 32. Re5 g6
33. Kc3 Rd1 34. f3 Kf7 35. Re2 Kf6 36. b4 Rh1 37. h3 g4 38. hxg4 fxg4 39. fxg4
Kg5 40. c5 bxc5 41. bxc5 Kf6 42. Kc4 Rc1+ 43. Kd5 a5 44. Kd6 Rd1+ 45. Kc7 a4
46. c6 a3 47. Re3 Rd2 48. Rxa3 Ke6 49. Kb7 Rb2+ 50. Rb3 1-0

[Event "Sampa Chess Open 2024"]
[Site "Sao Paulo"]
[Date "2024.01.30"]
[Round "3.28"]
[White "Deus Filho, Joaquim De"]
[Black "Cueto, Jonny"]
[Result "0-1"]
[WhiteElo "1848"]
[BlackElo "2108"]
[PlyCount "72"]
[EventDate "2024.01.29"]
[EventRounds "9"]
[EventCountry "BRA"]

1. e4 d6 2. f4 c6 3. Nf3 d5 ({RR} 3... Bg4 4. h3 Bxf3 5. Qxf3 e5 6. Nc3 Nf6 7.
b3 exf4 8. Qxf4 Be7 9. Be2 O-O 10. Bb2 Nbd7 11. O-O-O b5 12. Bf3 Ne8 13. Ne2 a5
14. Nd4 Ne5 15. Nf5 Bf6 16. Qg3 c5 17. d4 cxd4 18. Rxd4 {Gonzalez Perez,A 
(2494)-Gomez Ledo,R (2429) Barcelona 2014 1/2-1/2}) ({RR} 3... Qc7 4. d4 Nd7 5.
Nc3 b6 6. Be3 Bb7 7. Bc4 e6 8. Bb3 a6 9. Qd2 Ngf6 10. O-O c5 11. d5 exd5 12.
exd5 Be7 13. Qd3 O-O 14. h3 b5 15. a3 c4 16. Bxc4 Qxc4 17. Qxc4 bxc4 18. g4 {
Witte,K-Froehlich,M Nickenich GER 2018 0-1}) 4. Nc3 dxe4 5. Nxe4 Bg4 $146 ({RR
} 5... Nf6 6. Nxf6+ exf6 7. Bc4 Be7 8. O-O O-O 9. d3 Nd7 10. a4 Qc7 11. Be3 Bd6
12. Qd2 b6 13. Nd4 Re8 14. Rae1 Nf8 15. Kh1 a6 16. Ne2 Bb7 17. Ng3 Ng6 18. Ne4
b5 19. Bb6 Qb8 20. Ba2 {Chiburdanidze,M (2500)-Costa,J (2405) Biel 1990 1-0 
(55)}) ({RR} 5... Nf6 6. Qe2 Nxe4 7. Qxe4 Qd5 8. Qxd5 cxd5 9. d4 Bf5 10. c4 e6
11. c5 f6 12. Bd2 Kf7 13. Be2 Be7 14. O-O Nc6 15. Bc3 Rhc8 16. Rae1 Bd8 17. g4
Be4 18. f5 exf5 19. gxf5 Ne7 20. Nh4 {Braeunlin,K (2155)-Staechelin,R (2079)
Basel 2012 0-1 (38)}) 6. h3 Bxf3 7. Qxf3 e6 8. b3 Nf6 9. Bb2 Nxe4 10. Qxe4 Qh4+
11. Kd1 Nd7 12. d4 Bd6 13. Bc1 g5 14. Bd3 Bxf4 15. Bxf4 Qxf4 16. Qxf4 gxf4 17.
Rf1 Rg8 18. Rf2 Rg7 19. Bf1 f5 20. Rxf4 Nf6 21. Kc1 O-O-O 22. c3 Rg3 23. Kb2
Nd5 24. Rf3 Rxf3 25. gxf3 Rg8 26. Re1 Rg1 27. c4 Nf4 28. Kc2 Kd7 29. Kd2 Rh1
30. d5 exd5 31. cxd5 Rh2+ 32. Kc1 cxd5 33. a4 Kd6 34. Rd1 h5 35. b4 h4 36. a5
a6 0-1

[Event "Sampa Chess Open 2024"]
[Site "Sao Paulo"]
[Date "2024.01.30"]
[Round "3.29"]
[White "De Albuquerque, Ian Telek C."]
[Black "Dias, Clara"]
[Result "1-0"]
[WhiteElo "2089"]
[BlackElo "1717"]
[PlyCount "75"]
[EventDate "2024.01.29"]
[EventRounds "9"]
[EventCountry "BRA"]

1. e4 c5 2. Nf3 d6 3. d4 cxd4 4. Nxd4 Nf6 5. Nc3 a6 6. h3 e5 7. Nf3 Be6 ({RR} 
7... Nbd7 8. a4 Qc7 9. Bg5 h6 10. Be3 Nc5 11. Nd2 Be6 12. Be2 Be7 13. O-O O-O
14. Bf3 Rac8 15. Re1 Rfd8 16. Nd5 Nxd5 17. exd5 Bf5 18. a5 Nd7 19. c3 Bh7 20.
Ra4 Rf8 21. Nc4 f5 22. Nb6 {Nakamura,H (2741)-Nepomniachtchi,I (2720) Moscow
2010 1/2-1/2 (83)}) 8. g4 ({RR} 8. Ng5 Be7 9. Nxe6 fxe6 10. g3 O-O 11. Bg2 Nc6
12. O-O Qc7 13. h4 Rae8 14. Be3 Na5 15. Qe2 Nc4 16. Bc1 b5 17. a4 b4 18. Nd1 a5
19. b3 Nb6 20. Bb2 Nfd7 21. Ne3 Nc5 22. Rad1 Rc8 {Thilakarathne,G (2238)-Thing,
B (2237) Batumi GEO 2018 1/2-1/2 (31)}) 8... h6 9. g5 $146 ({RR} 9. Bg2 Nbd7
10. g5 hxg5 11. Nxg5 Be7 12. Nxe6 fxe6 13. Be3 Nb6 14. Qd3 Rc8 15. O-O-O Nc4
16. Kb1 Qa5 17. Bc1 Qb4 18. Ka1 Rc6 19. Rhg1 Kf7 20. Bf1 Rhc8 21. Qg3 Bf8 22.
Bxc4 Qxc4 23. Rd3 b5 {Lentjes,N (2124)-Polee,H (2078) Groningen 2013 0-1 (32)})
9... hxg5 10. Nxg5 Nc6 11. Be3 d5 12. exd5 Nxd5 13. Nxe6 fxe6 14. Qg4 Qf6 15.
Nxd5 exd5 16. O-O-O Qf7 17. Kb1 Be7 18. Bg2 d4 19. Bd2 Rh4 20. Qe2 Qf5 21. Rhe1
Bf6 22. f4 Rc8 23. Be4 Qd7 24. fxe5 Nxe5 25. Qf2 Kd8 26. Ba5+ Ke7 27. Bf5 Qb5
28. Bxc8 Qxa5 29. Bxb7 Kf8 30. Re4 Rxh3 31. Qf5 Rf3 32. Qc8+ Kf7 33. Rxe5 Qxe5
34. Bxf3 d3 35. Qb7+ Kf8 36. cxd3 Qd4 37. Bd5 g5 38. Qf7# 1-0

[Event "Sampa Chess Open 2024"]
[Site "Sao Paulo"]
[Date "2024.01.30"]
[Round "3.30"]
[White "Sanches De Carvalho, Fabio"]
[Black "Vargas, Gabriela"]
[Result "0-1"]
[WhiteElo "1838"]
[BlackElo "2084"]
[PlyCount "100"]
[EventDate "2024.01.29"]
[EventRounds "9"]
[EventCountry "BRA"]

1. d4 e6 2. c4 d5 3. Nc3 h6 4. Nf3 Nf6 5. cxd5 exd5 6. Bf4 Bd6 7. Bxd6 Qxd6 8.
e3 c6 9. Bd3 O-O 10. O-O Bg4 11. h3 Bxf3 12. Qxf3 Nbd7 13. Ne2 $146 ({RR} 13.
Rad1 Rfe8 14. Rfe1 a5 15. a3 Qe7 16. g3 Ne4 17. Bxe4 dxe4 18. Qe2 Nf6 19. Kg2
Rad8 20. Qc4 Nd5 21. Nxd5 Rxd5 22. Rc1 Qf6 23. Qe2 h5 24. h4 Qf5 25. Rc3 g6 26.
Rec1 Kg7 27. Rc5 Red8 {Nesterov,A (2483)-Urazayev,A (2453) chess.com INT 2021
0-1 (48)}) ({RR} 13. Rab1 a6 14. b4 b5 15. a4 Rfe8 16. a5 Re7 17. Rfc1 Rae8 18.
Ne2 Nf8 19. Ng3 g6 20. Qf4 Re6 21. Qxh6 Ne4 22. Bxe4 dxe4 23. Rc5 Nh7 24. Nxe4
Rxe4 25. Rh5 Qf6 26. Qxh7+ Kf8 27. Qh8+ Qxh8 {Aditya,M (2483)-Balabayeva,X 
(2179) chess.com INT 2022 1-0 (34)}) 13... Rfe8 14. Ng3 Qe6 15. Nf5 Nf8 16.
Rad1 Ne4 17. h4 Rad8 18. Rfe1 Ng6 19. h5 Ne7 20. Ng3 Nc8 21. Qf4 Ncd6 22. Nf1
Qf6 23. Qxf6 Nxf6 24. Ng3 Nde4 25. Nxe4 dxe4 26. Be2 Rd5 27. Rc1 Nxh5 28. b4
Nf6 29. a4 a6 30. Rc5 Red8 31. Rec1 Rxc5 32. bxc5 Nd5 33. Bc4 Rd7 34. a5 Kf8
35. Rc2 Ke7 36. Kf1 Kd8 37. Ke2 Kc7 38. Kd2 Re7 39. Rc1 Re6 40. Ke2 Rg6 41. g3
f5 42. Rh1 Rf6 43. Rh5 g5 44. Ke1 Ne7 45. Bb3 Kd7 46. Ke2 Nd5 47. Bc2 Ke7 48.
Rh1 Ke6 49. Kd2 Kd7 50. Rb1 Kc7 0-1

[Event "Sampa Chess Open 2024"]
[Site "Sao Paulo"]
[Date "2024.01.30"]
[Round "3.31"]
[White "Kropff, Ricardo"]
[Black "De Paula, Bruno Cesar Lima"]
[Result "1-0"]
[WhiteElo "2052"]
[BlackElo "1676"]
[PlyCount "57"]
[EventDate "2024.01.29"]
[EventRounds "9"]
[EventCountry "BRA"]

1. e4 e5 2. f4 d5 3. exd5 exf4 4. Nf3 Bg4 5. d4 Qxd5 6. Bxf4 Nc6 7. Be2 O-O-O
8. c3 Qe4 9. Bg3 Bd6 10. Bxd6 Rxd6 11. Nbd2 Qe7 12. O-O Nf6 13. Bb5 $146 ({RR} 
13. Nc4 Re6 14. Bd3 Nd5 15. Qd2 Ne3 16. Nxe3 Rxe3 17. Ne5 Rxe5 18. dxe5 Nxe5
19. Bc2 f6 20. Qe3 Kb8 21. a4 Re8 22. Qf2 Be6 23. h3 Bc4 24. Rfd1 g5 25. b3 Ba6
26. Rd4 h5 27. Rad1 g4 {Eames,R (2228)-Stepanyan,H (2022) England 2014 1/2-1/2
(42)}) 13... Qe3+ 14. Kh1 Ne4 15. Nxe4 Qxe4 16. Ng5 Qxg2+ 17. Kxg2 Bxd1 18.
Nxf7 Rg6+ 19. Kh1 Bc2 20. Rae1 Rg8 21. Re2 a6 22. Bc4 b5 23. Nd6+ cxd6 24. Bxg8
Bd3 25. Rf8+ Kd7 26. Re3 Bb1 27. Bxh7 Rg5 28. Rf7+ Kd8 29. Bxb1 1-0

[Event "Sampa Chess Open 2024"]
[Site "Sao Paulo"]
[Date "2024.01.30"]
[Round "3.32"]
[White "Branquinho, Eduardo De Medeiros"]
[Black "Cordero, Daniela"]
[Result "1/2-1/2"]
[WhiteElo "1815"]
[BlackElo "2028"]
[PlyCount "49"]
[EventDate "2024.01.29"]
[EventRounds "9"]
[EventCountry "BRA"]

1. e4 e6 2. d4 d5 3. Nc3 Nf6 4. Bg5 Bb4 5. e5 h6 6. Bd2 Bxc3 7. bxc3 Ne4 8. Qg4
g6 9. Bd3 Nxd2 10. Kxd2 c5 11. Nf3 Qa5 12. h4 Nc6 13. Qf4 cxd4 14. Nxd4 Nxd4
15. Qxd4 Bd7 16. Qb4 ({RR} 16. a4 Rc8 17. Rhb1 b6 18. Bb5 Rc5 19. Bd3 Ke7 20.
Rb3 g5 21. Ke2 Rhc8 22. hxg5 hxg5 23. Qg4 Rg8 24. Qd4 Rgc8 25. Qg4 Rg8 26. Raa3
Rcc8 27. Bb5 a6 28. Kd2 axb5 29. axb5 Rc4 30. Qf3 Ra4 {De Graaf,D (2194)
-Jordan Martinez,M (2142) Caleta 2017 0-1 (42)}) 16... Qc7 17. f4 Rc8 18. a4
Bc6 $146 ({RR} 18... Qc5 19. Qxc5 Rxc5 20. a5 Kd8 21. Ra3 Bb5 22. Rb1 Bxd3 23.
cxd3 Kc7 24. Ke3 Kc6 25. Kd4 Rb5 26. Rab3 Rxb3 27. Rxb3 g5 28. hxg5 hxg5 29.
fxg5 Rh4+ 30. Ke3 Rg4 31. Rb2 Rxg5 32. Kd4 Rf5 33. Re2 {Jakubec,B-Likavsky,T 
(2280) Slovakia 1998 0-1 (52)}) 19. Rhg1 Rg8 20. g3 a6 21. Qc5 Qe7 22. Qxe7+
Kxe7 23. Ke3 Rc7 24. Kd4 Rgc8 25. Ra3 1/2-1/2

[Event "Sampa Chess Open 2024"]
[Site "Sao Paulo"]
[Date "2024.01.30"]
[Round "3.33"]
[White "Lima, Hamilton Da Silva"]
[Black "Santos, Isaque Goncalves"]
[Result "1-0"]
[WhiteElo "1778"]
[BlackElo "1996"]
[PlyCount "83"]
[EventDate "2024.01.29"]
[EventRounds "9"]
[EventCountry "BRA"]

1. e4 e6 2. d4 d5 3. Bd3 Nf6 4. e5 Nfd7 5. Nf3 c5 6. c3 Nc6 7. O-O a5 ({RR} 
7... Be7 8. Re1 a5 9. Na3 cxd4 10. cxd4 Nb6 11. Nb5 a4 12. Bf4 g5 13. Be3 g4
14. Nd2 h5 15. Rc1 Bd7 16. f3 Rc8 17. fxg4 Nb4 18. Be2 Nc4 19. Nxc4 dxc4 20.
Rxc4 Nd5 21. Rxc8 Bxc8 22. Bf2 {Grischuk,A (2663)-Maier,C (2373) France 2001
1-0 (33)}) ({RR} 7... Rb8 8. Be3 Be7 9. Nbd2 b5 10. Re1 c4 11. Bc2 O-O 12. h3
b4 13. Nf1 bxc3 14. bxc3 Qa5 15. Bd2 g6 16. a4 Qc7 17. Bg5 Kg7 18. Qd2 Bxg5 19.
Qxg5 h6 20. Qg3 Rg8 21. Ne3 Ba6 22. Ng4 {Hegeler,A (2196)-Nagel,V (2057)
Germany 2008 1-0 (48)}) 8. a4 $146 ({RR} 8. Re1 cxd4 9. cxd4 Be7 10. Nc3 Nb6
11. Ne2 Nb4 12. Bb1 a4 13. Nf4 Nc4 14. Nh5 g6 15. Nf4 Qb6 16. Bd3 Nxd3 17. Nxd3
h6 18. Rb1 Bd7 19. b3 Na5 20. Be3 a3 21. Qd2 Bb5 22. Rec1 Bxd3 {Gebavi,
H-Kovacevic,B (2350) Makarska 1994 1/2-1/2 (32)}) 8... cxd4 9. cxd4 Nb4 10. Bb5
Be7 11. Ne1 O-O 12. f4 f5 13. Ra3 Nb8 14. Rh3 N8c6 15. Be3 Rf7 16. Nf3 Na7 17.
Ng5 Bxg5 18. fxg5 Nxb5 19. axb5 g6 20. Rf4 Bd7 21. Nc3 Qb6 22. Qe2 Rc8 23. Rh6
Rg7 24. h4 Be8 25. g4 Qc7 26. gxf5 exf5 27. Rf1 Qc4 28. Qf3 Bxb5 29. Nxb5 Qxb5
30. h5 Rc2 31. hxg6 hxg6 32. e6 Rc6 33. Rxg6 Rxg6 34. Qxf5 Qxf1+ 35. Kxf1 Rcxe6
36. Bf4 Nc6 37. Qxd5 Kf7 38. Qf5+ Ke7 39. d5 Nd4 40. Qd3 Rb6 41. Qxd4 Rb4 42.
Qc5+ 1-0

[Event "Sampa Chess Open 2024"]
[Site "Sao Paulo"]
[Date "2024.01.30"]
[Round "3.34"]
[White "Fernandez Barrero, Javier"]
[Black "Simeao, Miguel Roberto Rani"]
[Result "0-1"]
[WhiteElo "1743"]
[BlackElo "1962"]
[PlyCount "90"]
[EventDate "2024.01.29"]
[EventRounds "9"]
[EventCountry "BRA"]

1. e4 c6 2. d4 d5 3. e5 Bf5 4. f4 e6 5. Nf3 Nd7 6. Bd3 Bxd3 7. Qxd3 Ne7 8. Be3
Nf5 9. Bf2 h5 10. Nbd2 ({RR} 10. O-O Qb6 11. b3 Be7 12. Nc3 O-O-O 13. a4 Kb8
14. Rfd1 c5 15. Ng5 Bxg5 16. fxg5 cxd4 17. Qb5 Nxe5 18. Qxb6 axb6 19. Nb5 Nc6
20. h3 e5 21. Re1 f6 22. gxf6 gxf6 23. Re2 Rhg8 24. Kh2 Nd6 {Grigic-Plachetka,
J (2435) Vinkovci 1982 0-1}) 10... Be7 11. Nf1 $146 ({RR} 11. g3 Qb6 12. b3 c5
13. c4 dxc4 14. Nxc4 Qc6 15. Ke2 O-O 16. Rhd1 Rfd8 17. d5 Qxd5 18. Qxd5 exd5
19. Rxd5 Nb6 20. Rxd8+ Rxd8 21. Na5 Rd7 22. Rc1 Nd5 23. Bxc5 Bxc5 24. Rxc5 g6
25. Nxb7 Nxf4+ {Barros Lizcano,R (2105)-Royet,G Barranquilla 1999 1/2-1/2 (46)}
) 11... Qb6 12. Ne3 Nxe3 13. Bxe3 g6 14. O-O Qb5 15. a4 Qxd3 16. cxd3 a5 17.
Rfc1 Bb4 18. Bd2 Bxd2 19. Nxd2 h4 20. Kf2 Rh5 21. Nb3 Ra7 22. Rc2 Nb8 23. Rc5
b6 24. Rc3 Kd7 25. Rac1 Rc7 26. Na1 Na6 27. Nc2 Rc8 28. Rb3 Kc7 29. Na3 Kb7 30.
Nc2 Rf5 31. Ke3 Rg8 32. Rf1 g5 33. Ne1 c5 34. dxc5 Nxc5 35. Ra3 gxf4+ 36. Rxf4
Rxe5+ 37. Kd2 Rf5 38. Rxh4 Rf2+ 39. Kc3 Re2 40. Ra1 Rc8 41. d4 Ne4+ 42. Kb3 Rc4
43. Rd1 Rb4+ 44. Ka3 Rexb2 45. Rd3 Nd2 0-1

[Event "Sampa Chess Open 2024"]
[Site "Sao Paulo"]
[Date "2024.01.30"]
[Round "3.35"]
[White "Pittoli, Vinicius Eduardo Mo"]
[Black "De Souza, Ricardo Alves"]
[Result "1-0"]
[WhiteElo "1648"]
[BlackElo "1322"]
[PlyCount "77"]
[EventDate "2024.01.29"]
[EventRounds "9"]
[EventCountry "BRA"]

1. e4 c6 2. d4 d5 3. Nc3 dxe4 4. Nxe4 Nf6 5. Nxf6+ exf6 6. c3 Bd6 7. Nf3 ({RR} 
7. Be3 O-O 8. Bd3 Nd7 9. Qc2 h5 10. Ne2 Re8 11. Ng3 Qa5 12. b4 Qd5 13. Be4 Qc4
14. Nxh5 Rxe4 15. Qxe4 Qxc3+ 16. Ke2 Nb6 17. Rhc1 Qb2+ 18. Kf3 Be6 19. Nf4 Bxf4
20. Qxf4 Nd5 21. Qe4 Re8 {Belyakov,B (2459)-Tomashevsky,E (2705) St Petersburg
RUS 2018 0-1}) 7... O-O 8. Bd3 ({RR} 8. Be2 Re8 9. O-O Nd7 10. h3 Nf8 11. Be3
Ng6 12. Qd2 f5 13. Qd3 Qc7 14. Rfe1 Bd7 15. Qc2 Bf4 16. Bd3 Bxe3 17. fxe3 Ne7
18. Ne5 f6 19. Qb3+ Nd5 20. Nxd7 Qxd7 21. e4 fxe4 22. Bxe4 Kh8 {Mate,B (2110)
-Mohamed Saeed,L (1591) Chess.com 2021 1/2-1/2 (107)}) 8... Re8+ 9. Be3 Bf4
$146 ({RR} 9... f5 10. O-O f4 11. Bd2 Bg4 12. Kh1 Nd7 13. Qc2 Nf8 14. Rae1 Qa5
15. Ne5 Bxe5 16. dxe5 f3 17. c4 Qd8 18. g3 Bh3 19. Rg1 Bg2+ 20. Rxg2 fxg2+ 21.
Kxg2 g6 22. Bb4 Ne6 23. Bd6 Qd7 24. c5 {Tancsa,T (1930)-Eperjesi,L (2133)
Budapest 2017 0-1 (45)}) 10. Qd2 Nd7 11. O-O-O Bxe3 12. fxe3 Nf8 13. e4 b5 14.
e5 a5 15. Rhf1 f5 16. g4 fxg4 17. Ng5 Qd5 18. b3 Be6 19. Be4 Qd7 20. Qf4 Ng6
21. Qg3 Qe7 22. Nxe6 Qxe6 23. Rf2 Rac8 24. Bf5 Qe7 25. Bxc8 Rxc8 26. Qxg4 Rf8
27. Rdf1 a4 28. b4 a3 29. h4 Nxh4 30. Rh1 Ng6 31. Rxh7 Kxh7 32. Qh5+ Kg8 33.
Rh2 f5 34. Qxg6 Qe8 35. Qh7+ Kf7 36. Qxf5+ Ke7 37. Qg5+ Kd7 38. Qxg7+ Kc8 39.
Rh7 1-0

[Event "Sampa Chess Open 2024"]
[Site "Sao Paulo"]
[Date "2024.01.30"]
[Round "3.36"]
[White "Usui, Gabriella Yumi"]
[Black "Da Rocha, Lucas Sampaio"]
[Result "0-1"]
[WhiteElo "1448"]
[BlackElo "1647"]
[PlyCount "134"]
[EventDate "2024.01.29"]
[EventRounds "9"]
[EventCountry "BRA"]

1. d4 {Stohl,I} Nf6 2. Nf3 g6 3. g3 Bg7 4. Bg2 O-O 5. O-O d6 6. b3 ({RR} 6. c4)
({RR} 6. a4 a5 7. Nc3 Nbd7 ({RR} 7... Na6 8. e4 Bg4 9. Bg5 h6 10. Be3 c6 11.
Qc1 Bxf3 12. Bxf3 Kh7 13. Kg2 e5 14. dxe5 dxe5 15. Be2 Qe7 16. Bxa6 Rxa6 17. f3
) 8. e4 e5 9. h3 Re8 10. Re1 b6 11. Bg5 h6 12. Be3 Bb7 13. d5 Rf8 14. Nh2 Ne8
15. Qd2 Kh7 16. g4 Qe7 17. Ne2 Nc5 18. Ra3 Nf6 19. Ng3) ({RR} 6. Re1 Nc6 7. d5
Nb4 8. c4 Bf5 9. Na3 c6 10. Nd4 Bd7 11. Bd2 c5 12. Bxb4 cxb4 13. Nac2 Qb6 14.
Qd2 a5 15. Rad1 Qc5 16. b3 b5 17. Nxb5 Bxb5 18. cxb5 Nd7) 6... c6 ({RR} 6... c5
7. Bb2 cxd4 8. Nxd4 d5 9. c4 e5 10. Nf3 e4 11. Nd4 dxc4 12. bxc4 Nc6 13. Nxc6
bxc6 14. Nc3 Qb6 15. Qb3 Re8 16. Rad1 Qxb3 17. axb3 Rb8 18. Na4 Rxb3 19. Bxf6
Bxf6 20. Nc5 Rb2 21. Nxe4) 7. Bb2 Na6 ({RR} 7... b5 8. Nbd2 Nbd7 9. e4 Rb8 10.
Re1 Nb6 11. Qe2 ({RR} 11. e5 Nfd5 12. c4 ({RR} 12. Ne4 b4 13. a3 a5) 12... bxc4
13. bxc4 Nb4 14. Bc3) 11... a5 12. h3 ({RR} 12. c4 bxc4 13. Nxc4 Ba6 14. Nfd2
a4) 12... Qc7 13. Rac1 Qa7 14. a3 b4 15. c4 ({RR} 15. Ra1 Ba6 16. Qe3) 15...
bxc3 16. Bxc3 Bh6 17. Bf1 d5 18. exd5 ({RR} 18. e5 Ne4 19. Nxe4 dxe4 20. Qxe4
Bxc1 21. Rxc1 Nd5) 18... Nbxd5 19. Ba1 Rb6 20. Rc5 ({RR} 20. Ne5) 20... Nd7 21.
Rc2 Ba6 22. Qe4 {Gulko,B (2635)-Sokolov,I (2610) Groningen 1993 CBM 039 [Stohl,
I] 1/2-1/2 (56)}) ({RR} 7... Qa5 8. Nbd2 Qh5 9. Re1 ({RR} 9. e4 Bg4 10. Re1
Nbd7 11. a4 ({RR} 11. Nf1 d5 12. exd5 Nxd5 13. c4 Nb4 14. a3 Na6 15. Rxe7 Rad8
16. Re1 Ne5 17. Re3 Nc5 18. N1d2 Ned3 19. Bc3 Rfe8 20. Qe2) 11... Rfe8 12. Nc4
d5 13. exd5 Nxd5 14. Re4 f5 15. Re1 f4 16. Qe2 Rf8 17. Rf1 Rae8 18. Rae1 Kh8)
9... Bh3 10. Bh1) ({RR} 7... a5 8. c4 Bf5 9. Nc3 Qc8 10. Re1 Ne4 11. Na4 Nd7
12. Nh4 b5 13. Nxf5 gxf5 14. cxb5 cxb5 15. Rc1 Qb7 16. Nc3 d5 17. Qd3 Rab8 18.
Rc2 e6) ({RR} 7... Bg4 8. Nbd2 Nbd7 9. Re1 Re8 10. e4 Qc7 11. e5 Nd5 12. h3
Bxf3 13. Nxf3 dxe5 14. dxe5 Nf8 15. Qe2 Red8 16. h4 e6 17. h5) ({RR} 7... Bf5
8. Nbd2 Ne4 9. Nh4 Nxd2 10. Qxd2 Bc8 11. c4 d5 12. Rac1 Be6 13. Rfd1 Qd7 14.
Nf3 f6 15. h4 Na6 16. Ne1 Bf5 17. Kh2 Rfd8 18. Nd3 Bxd3 19. Qxd3 f5) 8. c4 Bf5
({RR} 8... Qc7 9. Nc3 e5 10. Qd2 Re8 11. d5 e4 12. Nd4 Nc5 13. Nc2 Ng4 14. Rad1
Bf5 15. h3 e3 16. Nxe3 Nxe3 17. fxe3 Rad8 18. b4 Na6 19. dxc6 bxc6 20. b5 Nb8
21. bxc6 Nxc6 22. Nb5 Qb6 23. Bxg7 {Urazayev,A (2437)-Kazhgaleyev,M (2568)
Nur-Sultan KAZ 2021 0-1 (48)}) 9. Nc3 Ne4 $146 ({RR} 9... Qd7 10. Qd2 h6 11.
Rfe1 Ne4 12. Nxe4 Bxe4 13. Rac1 Rac8 14. Qe3 f5 15. Bh3 Bxf3 16. exf3 Rf7 17.
f4 Nc7 18. Rc2 Bf6 19. Bg2 e6 20. d5 Re8 21. dxc6 bxc6 22. Bxf6 Rxf6 23. Qxa7
Rd8 24. Qd4 {Andres Mendez,M-Garcia,G Cienfuegos 1975 1-0 (41)}) 10. Nh4 Nxc3
11. Bxc3 Be6 12. Qd2 d5 13. e4 Nc7 14. Rfd1 Qd7 15. Rac1 Rfd8 16. Qc2 Rac8 17.
Qe2 b5 18. cxd5 cxd5 19. e5 Na8 20. Bf1 Rb8 21. Ba5 Rdc8 22. Qd2 Bh3 23. Rxc8+
Rxc8 24. Rc1 Bxf1 25. Kxf1 Bf8 26. Rc3 e6 27. Qc2 Nb6 28. Rxc8 Qxc8 29. Qxc8
Nxc8 30. Nf3 Ba3 31. Ke2 Ne7 32. Bc7 Kf8 33. Ne1 Nc6 34. Nc2 Be7 35. a3 Ke8 36.
b4 Kd7 37. Ba5 f6 38. f4 g5 39. Kd3 gxf4 40. gxf4 Ke8 41. Bc7 Kf7 42. Ne3 h5
43. f5 fxe5 44. dxe5 Bg5 45. fxe6+ Kxe6 46. Nc2 Bf4 47. h3 Bxe5 48. Bxe5 Kxe5
49. Ke3 d4+ 50. Kf3 Kf5 51. Kg3 Ke4 52. Nxd4 Nxd4 53. Kh4 Ne6 54. Kxh5 Nf4+ 55.
Kg5 Nxh3+ 56. Kf6 Kd5 57. Ke7 Kc6 58. Ke6 Nf4+ 59. Ke5 Nd3+ 60. Kd4 Nb2 61. Kc3
Nc4 62. a4 a6 63. a5 Kd5 64. Kd3 Ke5 65. Kc3 Ke4 66. Kc2 Kd4 67. Kb3 Kd3 0-1

[Event "Sampa Chess Open 2024"]
[Site "Sao Paulo"]
[Date "2024.01.30"]
[Round "3.37"]
[White "Bomeisel, Pedro Rangel"]
[Black "Munhoz, Joao Pedro"]
[Result "0-1"]
[WhiteElo "1385"]
[BlackElo "1608"]
[PlyCount "84"]
[EventDate "2024.01.29"]
[EventRounds "9"]
[EventCountry "BRA"]

1. e4 c5 2. Nc3 Nc6 3. g3 g6 4. Bg2 Bg7 5. d3 e6 6. Be3 b6 7. f4 Nge7 8. Nf3
O-O 9. d4 cxd4 10. Nxd4 Bb7 11. O-O d5 $146 ({RR} 11... Nxd4 12. Bxd4 Nc6 13.
Bxg7 Kxg7 14. Qd6 Qe7 15. Rfd1 Rfd8 16. e5 Qxd6 17. Rxd6 Rac8 18. Rad1 {
1-0 (18) Frank,W-Gerloff,B Biedenkopf 1997}) 12. exd5 exd5 13. Qd2 Qd7 14. Nce2
Rfe8 15. Rad1 Rad8 16. Rfe1 h6 17. c3 Kh7 18. Qc2 Ng8 19. Bf2 f5 20. Nxc6 Qxc6
21. Nd4 Qd7 22. Qd2 Nf6 23. Nc2 Rxe1+ 24. Rxe1 Ne4 25. Bxe4 dxe4 26. Bd4 Qd5
27. Re3 Qxa2 28. Nb4 Qc4 29. Nc2 Ba6 30. Re1 Bb7 31. Ne3 Bxd4 32. cxd4 Qxd4 33.
Qxd4 Rxd4 34. Ra1 a6 35. Rc1 Rd7 36. Nc4 Rc7 37. Rd1 Rxc4 38. Rd7+ Kg8 39. Rxb7
Rc1+ 40. Kf2 Rc2+ 41. Ke3 Rxb2 42. Kd4 Rb5 0-1